Statistics for People Who Were "The" Something

Click here to take the quiz!

General Stats

  • This quiz has been taken 91,113 times
    (39,526 since last reset)
  • The average score is 17 of 27

Answer Stats

Person % Correct
{Winnie} the Pooh
94%
{Jack} the Ripper
93%
{Casper} the Friendly Ghost
88%
{Bob} the Builder
87%
{Ivan} the Terrible
87%
{John} the Baptist
86%
{Dora} the Explorer
83%
{Thomas} the Tank Engine
82%
{Sonic} the Hedgehog
82%
{Attila} the Hun
81%
{Billy} the Kid
80%
{Vlad} the Impaler
76%
{Jabba} the Hutt
75%
{Richard} the Lionheart
75%
{William} the Conqueror
73%
{Conan} the Barbarian
72%
{Kermit} the Frog
71%
{Oscar} the Grouch
56%
{Robert} the Bruce
44%
{Mack} the Knife
41%
{Edward} the Confessor
39%
{Marvin} the Martian
37%
{Erik} the Red
37%
{Gandalf} the Grey
32%
{Minnie} the Moocher
26%
{Zorba} the Greek
24%
{Ming} the Merciless
19%

Score Distribution

Percentile by Number Answered

Percent of People with Each Score

Your Score History

You have not taken this quiz since the last reset